Star Wars, the clone wars : (Record no. 276090)
[ view plain ]
| 000 -LEADER | |
|---|---|
| fixed length control field | 02529nam a2200553Ia 4500 |
| 001 - CONTROL NUMBER | |
| control field | ocn704393890 |
| 003 - CONTROL NUMBER IDENTIFIER | |
| control field | OCoLC |
| 005 - DATE AND TIME OF LATEST TRANSACTION | |
| control field | 20200320185418.0 |
| 008 - FIXED-LENGTH DATA ELEMENTS--GENERAL INFORMATION | |
| fixed length control field | 110301s2011 mnua j 6 000 1 eng d |
| 019 ## - | |
| -- | 663953340 |
| 020 ## - INTERNATIONAL STANDARD BOOK NUMBER | |
| International Standard Book Number | 9781599618401 (lib. bdg.) |
| 020 ## - INTERNATIONAL STANDARD BOOK NUMBER | |
| International Standard Book Number | 1599618400 (lib. bdg.) |
| 029 1# - (OCLC) | |
| OCLC library identifier | AU@ |
| System control number | 000046623781 |
| 035 ## - SYSTEM CONTROL NUMBER | |
| System control number | (OCoLC)704393890 |
| Canceled/invalid control number | (OCoLC)663953340 |
| 040 ## - CATALOGING SOURCE | |
| Original cataloging agency | HCO |
| Language of cataloging | eng |
| Transcribing agency | HCO |
| Modifying agency | BTCTA |
| -- | QBX |
| -- | JP3 |
| -- | HSA |
| -- | WACOL |
| 049 ## - LOCAL HOLDINGS (OCLC) | |
| Holding library | WACL |
| 050 #4 - LIBRARY OF CONGRESS CALL NUMBER | |
| Classification number | PZ7.7.G55 |
| Item number | In 2010 |
| 082 04 - DEWEY DECIMAL CLASSIFICATION NUMBER | |
| Classification number | 741.5/973 |
| Edition number | 22 |
| 092 ## - LOCALLY ASSIGNED DEWEY CALL NUMBER (OCLC) | |
| Classification number | junior |
| Item number | Gil |
| 100 1# - MAIN ENTRY--PERSONAL NAME | |
| Personal name | Gilroy, Henry. |
| 9 (RLIN) | 57083 |
| 245 10 - TITLE STATEMENT | |
| Title | Star Wars, the clone wars : |
| Remainder of title | in service of the republic. |
| Number of part/section of a work | Vol. 3, |
| Name of part/section of a work | Blood and snow / |
| Statement of responsibility, etc | script, Henry Gilroy, Steven Melching ; pencils, Scott Hepburn ; inks, Dan Parsons ; colors, Michael E. Wiggam ; lettering, Michael Heisler. |
| 246 30 - VARYING FORM OF TITLE | |
| Title proper/short title | Blood and snow |
| 250 ## - EDITION STATEMENT | |
| Edition statement | Reinforced library bound ed. |
| 260 ## - PUBLICATION, DISTRIBUTION, ETC. (IMPRINT) | |
| Place of publication, distribution, etc | Edina, Minn. : |
| Name of publisher, distributor, etc | Spotlight, |
| Date of publication, distribution, etc | 2011. |
| 300 ## - PHYSICAL DESCRIPTION | |
| Extent | 1 v. (unpaged) : |
| Other physical details | chiefly col. ill. ; |
| Dimensions | 27 cm. |
| 500 ## - GENERAL NOTE | |
| General note | "Dark Horse Comics." |
| 520 ## - SUMMARY, ETC. | |
| Summary, etc | "Jedi Plo Koon and Kit Fisto have successfully removed one of the obstacles holding back their mission to free the Khormai people. If only they didn't have to deal with a cowardly Captain, who can't seem to keep out of trouble-and the Separatists' assassin, Asajj Ventress, who is on their trail!"--P. [4] of cover. |
| 521 ## - TARGET AUDIENCE NOTE | |
| Target audience note | junior fiction |
| Source | midAmerica |
| 650 #0 - SUBJECT ADDED ENTRY--TOPICAL TERM | |
| Topical term or geographic name as entry element | Jedi Knights (Fictitious characters) |
| Form subdivision | Comic books, strips, etc. |
| 9 (RLIN) | 5866664 |
| 650 #0 - SUBJECT ADDED ENTRY--TOPICAL TERM | |
| Topical term or geographic name as entry element | Space warfare |
| Form subdivision | Comic books, strips, etc. |
| 9 (RLIN) | 5691765 |
| 650 #0 - SUBJECT ADDED ENTRY--TOPICAL TERM | |
| Topical term or geographic name as entry element | Life on other planets |
| Form subdivision | Comic books, strips, etc. |
| 9 (RLIN) | 5691763 |
| 650 #0 - SUBJECT ADDED ENTRY--TOPICAL TERM | |
| Topical term or geographic name as entry element | Good and evil |
| Form subdivision | Comic books, strips, etc. |
| 9 (RLIN) | 5689272 |
| 650 #0 - SUBJECT ADDED ENTRY--TOPICAL TERM | |
| Topical term or geographic name as entry element | Science fiction comic books, strips, etc. |
| 9 (RLIN) | 91085 |
| 655 #0 - INDEX TERM--GENRE/FORM | |
| Genre/form data or focus term | Science fiction comic books, strips, etc. |
| 9 (RLIN) | 102749 |
| 655 #0 - INDEX TERM--GENRE/FORM | |
| Genre/form data or focus term | Graphic novels. |
| 9 (RLIN) | 5674445 |
| 655 #0 - INDEX TERM--GENRE/FORM | |
| Genre/form data or focus term | Star Wars fiction. |
| 9 (RLIN) | 5691710 |
| 655 #0 - INDEX TERM--GENRE/FORM | |
| Genre/form data or focus term | Science fiction. |
| 9 (RLIN) | 5866665 |
| 700 1# - ADDED ENTRY--PERSONAL NAME | |
| Personal name | Melching, Steven. |
| 9 (RLIN) | 5866666 |
| 700 1# - ADDED ENTRY--PERSONAL NAME | |
| Personal name | Hepburn, Scott. |
| 9 (RLIN) | 5859544 |
| 700 1# - ADDED ENTRY--PERSONAL NAME | |
| Personal name | Parsons, Dan. |
| 9 (RLIN) | 5862397 |
| 700 1# - ADDED ENTRY--PERSONAL NAME | |
| Personal name | Wiggam, Michael E. |
| 9 (RLIN) | 5866667 |
| 730 0# - ADDED ENTRY--UNIFORM TITLE | |
| Uniform title | Star Wars, the clone wars (Television program) |
| 9 (RLIN) | 5866668 |
| 938 ## - | |
| -- | Baker and Taylor |
| -- | BTCP |
| -- | BK0009238020 |
| 938 ## - | |
| -- | Quality Books, Inc. |
| -- | QUAL |
| -- | qbi11000333 |
| 942 ## - ADDED ENTRY ELEMENTS (KOHA) | |
| Koha item type | BOOK |
| 948 ## - LOCAL PROCESSING INFORMATION (OCLC); SERIES PART DESIGNATOR (RLIN) | |
| Series part designator, SPT (RLIN) | 10/05/2011 |
| z (OCLC) | Sirsi |
| 994 ## - | |
| -- | 02 |
| -- | WACOL |
| 996 ## - | |
| -- | 86317 |
| -- | 34301001022617 |
| -- | J |
| -- | bk |
| -- | wcl |
| -- | i |
| -- | 39 |
| -- | 15.95 |
| -- | midAmerica |
| -- | Gil |
| -- | 10/17/2011 |
| -- | 01/22/2020 |
| -- | 01/21/2020 |
| Withdrawn status | Lost status | Source of classification or shelving scheme | Damaged status | Not for loan | Collection code | Home library | Current library | Shelving location | Date acquired | Cost, normal purchase price | Total Checkouts | Total Renewals | Full call number | Barcode | Checked out | Date last seen | Date checked out | Cost, replacement price | Price effective from | Koha item type |
|---|---|---|---|---|---|---|---|---|---|---|---|---|---|---|---|---|---|---|---|---|
| Dewey Decimal Classification | Junior Graphic Novels | Wasatch County Library | Wasatch County Library | First Floor | 10/17/2011 | 15.95 | 47 | 12 | J GN Gilroy | 34301001022617 | 05/01/2026 | 03/05/2026 | 03/05/2026 | 15.95 | 03/20/2020 | BOOK |
